Legend of a country doctor : a history of Turkey, Texas /

Bibliographic Details
Main Author: Gilmore, Pauline
Format: Book
Language:English
Published: Quanah, Tx : Nortex Pr, 1978.
Subjects:

MARC

Tag First Indicator Second Indicator Subfields
LEADER 00000cam a2200000 i 4500
001 in00000030378
005 20190207093358.0
008 790924s1978 txu 00010beng u
035 |a (OCoLC)05420398 
035 |9 AAD2468AM 
040 |c TAP  |d TXA  |d UtOrBLW 
043 |a n-us-tx 
049 |a TXAM  |c 2 [A09538332]  |a TXAS  |c 1 [1700831] 
090 |a F394.T8  |b G5 
100 1 |a Gilmore, Pauline. 
245 1 0 |a Legend of a country doctor :  |b a history of Turkey, Texas /  |c by Pauline Gilmore. 
264 1 |a Quanah, Tx :  |b Nortex Pr,  |c 1978. 
300 |a viii, 104 pages :  |b illustrations, portraits ;  |c 24cm. 
336 |a text  |b txt  |2 rdacontent 
337 |a unmediated  |b n  |2 rdamedia 
338 |a volume  |b nc  |2 rdacarrier 
500 |a The Cushing Library/Chapman Texas Collection copy is part of the Floyd & Louise Chapman Texas & Borderlands Collection.  |5 TXA 
600 1 0 |a Gilmore, Howard. 
650 0 |a Physicians  |z Texas  |z Turkey  |x Biography. 
650 0 |a Medicine, Rural  |z Texas  |z Turkey. 
999 |a MARS 
999 f f |s 1b7849ec-f000-3a61-9a25-74823a3faf41  |i d4a4bf7c-5cc0-3503-9dcf-b209d341ad4d  |t 0 
952 f f |p noncirc  |a Texas A&M University  |b College Station  |c Cushing Memorial Library & Archives  |d Cushing: Chapman Texas Collection (Does not check out)  |t 0  |e F394.T8 G5  |h Library of Congress classification  |i unmediated -- volume  |m A14800338476 
952 f f |p ric  |a Texas A&M University  |b Rellis Campus  |c Joint Library Facility  |d Remote Storage  |t 0  |e F394.T8 G5  |h Library of Congress classification  |i unmediated -- volume  |m A14809538332 
998 f f |a F394.T8 G5  |t 0  |l Remote Storage 
998 f f |a F394.T8 G5  |t 0  |l Cushing: Chapman Texas Collection (Does not check out)